| 000 | 01549nam a22003735a 4500 | ||
|---|---|---|---|
| 003 | EG-ScBUE | ||
| 005 | 20220717100858.0 | ||
| 006 | m||||fq||z 00| 0 | ||
| 008 | 170102t2010 enka f 001 0 eng d | ||
| 020 | _a9781424018086 | ||
| 020 | _a1424018080 | ||
| 040 |
_aEG-ScBUE _beng _erda _cEG-ScBUE _dEG-ScBUE |
||
| 082 | 0 | 4 |
_a428.2 _bRIL _222 |
| 100 | 1 |
_aRiley, David, _eauthor. |
|
| 245 | 1 | 0 |
_aPractical grammar. _nlevel 1 / _cDavid Riley, John Hughes. |
| 264 | 1 |
_aHampshire, United Kingdom : _bHeinle, Cengage Learning, _c[2010] |
|
| 264 | 4 | _cc2010 | |
| 300 |
_a272 pages : _billustrations ; _c24 cm + _e2 audio CD |
||
| 336 |
_2rdacontent _atext _btxt |
||
| 336 |
_2rdacontent _asounds _bsnd |
||
| 337 |
_2rdamedia _aunmediated _bn |
||
| 337 |
_2rdamedia _aaudio _bs |
||
| 338 |
_2rdacarrier _avolume _bnc |
||
| 338 |
_2rdacarrier _acomputer disc _bcd |
||
| 500 | _aIncludes index. | ||
| 520 | _aPresents a three-level British English grammar course for self study or use in the classroom. This series takes students through key aspects of English grammar from Elementary to Upper-Intermediate levels. It includes two audio CDs and a pin code which allows access to MyPG for online practice at home or in self-access centres. | ||
| 650 | 7 |
_aEnglish language _xGrammar _vProblems, exercises, etc. _2BUEsh |
|
| 650 | 7 |
_aEnglish language _xStudy and teaching _xForeign speakers. _2BUEsh |
|
| 651 | _2BUEsh | ||
| 653 |
_bHHUUEENN _cJanuary2017 |
||
| 655 |
_vReading book _934232 |
||
| 700 | 1 |
_aHughes, John, _eauthor. _938649 |
|
| 942 |
_2ddc _cBB |
||
| 999 |
_c23794 _d23766 |
||